Cinsiyete dayalı ayrımcılık (Kayıt no. 2019)

MARC ayrıntıları
000 -BAŞLIK
Sabit Uzunlukta Kontrol Alanı 01311na a2200325 4500
001 - KONTROL NUMARASI
Denetim Alanı 13192
003 - KONTROL NUMARASI IDENTIFIER
Denetim Alanı MIRAKIL
005 - SON İŞLEM TARİHİ VE ZAMANI
Denetim Alanı 20181213154842.0
008 - SABİT-BOY VERİ ELEMANLARI - GENEL BİLGİLER
Sabit Uzunlukta Kontrol Alanı 161004b tu 000 0
020 ## - ULUSLARARASI STANDART KİTAP NUMARASI
Uluslararası Standart Kitap Numarası 975192328X
035 ## - SİSTEM KONTROL NUMARASI
Sistem Kontrol Numarası 13192
040 ## - KATALOGLAMA KAYNAK
Orijinal Kataloglama Ajansı Milas
Kataloglama Dili tur
Metne Dönüştürmek Ajansı TR-AnCHP
082 ## - DEWEY ONLU SINIFLANDIRMA NUMARASI
Sınıflandırma Numarası 370.82
Ürün Numarası C45s 1999
090 ## - SINIFLAMA NUMARASI
Sınıflama Numarası 370.82 C45s 1999
245 ## - BAŞLIK TABLOSU
Başlık Cinsiyete dayalı ayrımcılık
Başlığın Kalan Türkiye'de eğitim sektörü örneği
Sorumluluk Tablosu, Vb araştırmacılar Feride Acar, Ayşe Güneş Ayata, Demet Varoğlu
260 ## - YAYIN, DAĞITIM, VB
Yayın, Dağıtım, Vb Yeri Ankara
Yayıncı, Dağıtıcı, Vs Adı Başbakanlık Kadının Statüsü ve Sorunları Genel Müdürlüğü
Yayın, Dağıtım, Vb Tarihi 1999
300 ## - FİZİKSEL TANIM
Kapsam xii, 142 s.
Diğer Fiziksel Ayrıntıları tbl.
Boyutlar 24 sm.
500 ## - GENEL NOT
Genel Not İç kapak yapıt adı: Cinsiyete dayalı ayrımcılık : Türkiye'de eğitim sektörü örneği : cinsiyete dayalı ayrımcılık ve kadın çalışanlara karşı tutumlar : Türkiye'de eğitim sektörü örneği
504 ## - KAYNAKÇA VB NOT
Kaynakça Vb Notu Kaynakça var.
650 ## - KONU KATMA GİRİŞ - TOPİKAL DÖNEM
Topikal Süreli Veya Coğrafi Ad Giriş Elemanı Cinsiyet ayrımı
Genel Alt Bölümü Eğitim
Coğrafi Alt Bölümü Türkiye
650 ## - KONU KATMA GİRİŞ - TOPİKAL DÖNEM
Topikal Süreli Veya Coğrafi Ad Giriş Elemanı Kadın sorunu
Genel Alt Bölümü Türkiye
Coğrafi Alt Bölümü Türkiye
650 ## - KONU KATMA GİRİŞ - TOPİKAL DÖNEM
Topikal Süreli Veya Coğrafi Ad Giriş Elemanı Kadınlar
Genel Alt Bölümü Sosyal durum
Coğrafi Alt Bölümü Türkiye
650 ## - KONU KATMA GİRİŞ - TOPİKAL DÖNEM
Topikal Süreli Veya Coğrafi Ad Giriş Elemanı Kadınlar
Genel Alt Bölümü Eğitim
Coğrafi Alt Bölümü Türkiye
650 ## - KONU KATMA GİRİŞ - TOPİKAL DÖNEM
Topikal Süreli Veya Coğrafi Ad Giriş Elemanı Cinsel ayrımcılık, Eğitimde
Genel Alt Bölümü Türkiye
700 ## - KATMA GİRİŞ - KİŞİSEL İSİM
Kişisel Ad Varoğlu, Demet
700 ## - KATMA GİRİŞ - KİŞİSEL İSİM
Kişisel Ad Ayata, Ayşe Güneş
700 ## - KATMA GİRİŞ - KİŞİSEL İSİM
Kişisel Ad Acar, Feride
942 ## - EKLENDİ GİRİŞ ELEMANLARI (KOHA)
Sınıflandırma Veya Raf Düzeni Kaynak
Koha Öğesi Türü Kitaplar
999 ## - SİSTEM KONTROL NUMARALARI (KOHA)
Koha Biblionumber 2019
Koha Biblioitemnumber 2019
657 ## - INDEX SÜRE - İŞLEVİ
-- Eğitimde cinsel ayrımcılık
Mevcut
Kalıcı Konum Mevcut Konum Edinme Tarihi Edinim Kaynak Toplam Check-Out'Lar Tam Çağrı Numarası Barkod Tarih Son Görülme İtibaren Geçerli Fiyatlar Koha Öğesi Türü
CHP Kütüphanesi CHP Kütüphanesi 08/10/2016 Bağış   370.82 C45s 1999 000696 08/10/2016 08/10/2016 Kitaplar